00626nam a2200193Ia 4500008004100000020001500041082001700056100001700073245007400090250000800164260004200172300002800214500000700242600002700249650001500276942000700291952011900298999001500417240925s9999 xx 000 0 und d a8178085712 a621.3822 HEN aHenry, Stark 0aProbability and Random Processes: with applications to signal process a3rd aSingapore:bTech Publicationsc,2002. axxiv,789p.bNAfPirated aNA aElectronic Engineering aTechnology cBK 001040708ELaUITUbUITUd2002-08-19eF.B.Cg680.00l0o621.3822 HENpQ4505r2024-09-25 07:13:32w2024-09-25yBK c7004d7004